Samooham, sahithyam, samskaram/ (Record no. 181556)

000 -LEADER
fixed length control field 00419nam a22001691a 4500
020 ## - INTERNATIONAL STANDARD BOOK NUMBER
ISBN 9789361003905
082 ## - DEWEY DECIMAL CLASSIFICATION NUMBER
Classification number M4
Item number KEN/S
100 ## - MAIN ENTRY--AUTHOR NAME
Personal name K E N
245 ## - TITLE STATEMENT
Title Samooham, sahithyam, samskaram/
Statement of responsibility, etc by K E N
250 ## - EDITION STATEMENT
Edition statement 2
260 ## - PUBLICATION, DISTRIBUTION, ETC. (IMPRINT)
Place of publication Thiruvananthapuram:
Name of publisher Kerala Bhasha Institute,
Year of publication 2024.
300 ## - PHYSICAL DESCRIPTION
Number of Pages 368p.
650 ## - SUBJECT ADDED ENTRY--TOPICAL TERM
Topical Term Essays Malayalam
650 ## - SUBJECT ADDED ENTRY--TOPICAL TERM
Topical Term Literature Malayalam
650 ## - SUBJECT ADDED ENTRY--TOPICAL TERM
Topical Term Literature
942 ## - ADDED ENTRY ELEMENTS (KOHA)
Koha item type Book
Holdings
Withdrawn status Lost status Damaged status Not for loan Permanent Location Current Location Shelving location Date acquired Cost, normal purchase price Full call number Accession Number Price effective from Koha item type
        Sree Sankaracharya University of Sanskrit Sree Sankaracharya University of Sanskrit Stacks 16.05.2026 340.00 M4 KEN/S 108575 16.05.2026 Book